Central Library OPAC University of Rajshahi

এস.এম. সুলতান = S. M. Sultan / (Record no. 39767)

MARC details
000 -LEADER
fixed length control field 01028nam a2200253 a 4500
001 - CONTROL NUMBER
control field 39767
003 - CONTROL NUMBER IDENTIFIER
rucl marc code BD-RjUL
005 - DATE AND TIME OF LATEST TRANSACTION
control field 20211209053044.0
008 - FIXED-LENGTH DATA ELEMENTS--GENERAL INFORMATION
fixed length control field 160417s2003 bg ||||| |||| 00| 0 ben d
020 ## - INTERNATIONAL STANDARD BOOK NUMBER
International Standard Book Number 9845550312
Terms of availability : Tk.500.00
035 ## - SYSTEM CONTROL NUMBER
System control number (BD-RjUL)39880
040 ## - CATALOGING SOURCE
Original cataloging agency BD-RjUL
Language of cataloging ben
Transcribing agency BD-RjUL
041 ## - LANGUAGE CODE
Language code of text/sound track or separate title ben
082 ## - DEWEY DECIMAL CLASSIFICATION NUMBER
Edition number 23
Classification number 759.95492
Author mark and year KHS 2003
100 ## - MAIN ENTRY--PERSONAL NAME
Personal name খান, সাদেক
9 (RLIN) 122500
245 ## - TITLE STATEMENT
Title এস.এম. সুলতান = S. M. Sultan /
Statement of responsibility, etc. সাদেক খান
260 ## - PUBLICATION, DISTRIBUTION, ETC. (IMPRINT)
Place of publication, distribution, etc. নড়াইল, বাংলাদেশ :
Name of publisher, distributor, etc. বাংলাদেশ শিল্পকলা একাডেমী,
Date of publication, distribution, etc. ২০০৩
300 ## - PHYSICAL DESCRIPTION
Pagination ১৩৬ পৃ. :
Illustrations চিত্র ;
Size ২৯ সে.মি.
490 ## - SERIES STATEMENT
Series statement Art of Bangladesh
Volume/sequential designation 4
600 ## - SUBJECT ADDED ENTRY--PERSONAL NAME
Personal name সুলতান, এস.এম.
Titles and other words associated with a name (শেখ মোহাম্মদ)
Dates associated with a name ১৯২৩-১৯৯৪
Personal name S.M. Sultan
Titles and other words associated with a name (Sheikh Mohammad)
Dates associated with a name 1923-1994
650 ## - SUBJECT ADDED ENTRY--TOPICAL TERM
Topical term or geographic name as entry element Painters
Form subdivision Biography
Geographic subdivision Bangladesh
9 (RLIN) 122511
942 ## - ADDED ENTRY ELEMENTS (KOHA)
Source of classification or shelving scheme Dewey Decimal Classification
Koha item type Books
Holdings
Lost status Source of classification or shelving scheme Damaged status Not for loan Collection code Permanent Location Current Location Shelving location Date acquired Source of acquisition Cost, normal purchase price Total Checkouts Full call number Date last seen Copy number Koha item type Date checked out
  Dewey Decimal Classification   Not For Loan Non-fiction Central Library, University of Rajshahi Central Library, University of Rajshahi Reading Room 24/06/2013 Bangladesh Shilpokola Academy, Dhaka. 500.00   B 759.95492 KHS 2003 17/04/2016 C-1 Books  
  Dewey Decimal Classification     Non-fiction Central Library, University of Rajshahi Central Library, University of Rajshahi   24/06/2013 Bangladesh Shilpokola Academy, Dhaka. 500.00 3 B 759.95492 KHS 2003 27/02/2025 C-2 Books 12/02/2025
  Dewey Decimal Classification     Non-fiction Central Library, University of Rajshahi Central Library, University of Rajshahi   24/06/2013 Bangladesh Shilpokola Academy, Dhaka. 500.00   B 759.95492 KHS 2003 17/04/2016 C-3 Books